Statistics for Czech Republic Euro 2012 Squad

Click here to take the quiz!

General Stats

  • This quiz has been taken 173 times
    (170 since last reset)
  • The average score is 11 of 23

Answer Stats

ClubPositionAnswer% Correct
ChelseaGKPetr Cech
100%
ArsenalMDTomas Rosicky
95%
GalatasaraySTMilan Baros
81%
BordeauxMDJaroslav Plasil
68%
WolfsburgMDPetr Jiracek
59%
CSKA MoscowSTTomas Necid
57%
Bayer LeverkusenDFMichal Kadlec
53%
HamburgGKJaroslav Drobny
52%
WolfsburgMDVaclav Pilar
50%
Slovan LiberecDFTheodor Gebre Selassie
50%
Baumit JablonecSTDavid Lafata
47%
Viktoria PlzenMDVladimir Darida
44%
Viktoria PlzenDFDavid Limbersky
41%
BesiktasDFTomas Sivok
41%
Shakhtar DonetskMDTomas Hubschman
39%
Viktoria PlzenMDDaniel Kolar
37%
Spartak MoscowDFMarek Suchy
36%
Hertha BerlinDFRoman Hubnik
35%
Dnipro DnipropetrovskGKJan Lastuvka
32%
Viktoria PlzenMDMIlan Petrzela
30%
Anorthosis FamagustaMDJan Rezek
29%
NurnbergSTTomas Pekhart
29%
Viktoria PlzenDFFrantisek Rajtoral
28%

Score Distribution

Percentile by Number Answered

Percent of People with Each Score

Your Score History

You have not taken this quiz since the last reset